| 000 | 00871nam a2200277 i 4500 | ||
|---|---|---|---|
| 003 | EG-GICUC | ||
| 005 | 20260424222756.0 | ||
| 008 | 260424s1907 uk ||||fr|||| 00| 0 eng d | ||
| 040 |
_aEG-GiCUC _beng _cEG-GiCUC _dEG-GiCUC _eRda |
||
| 082 | 0 | 4 |
_221 _a343.6 _bAN . C |
| 092 | 0 | 4 | _221 |
| 099 | _aLaw1 10 343.6 AN . C 1907 | ||
| 100 | 1 |
_aAnderson,Robert _eAuthor. |
|
| 245 | 1 | 0 |
_aCriminals And Crime: _bSome Facts And Suggestions/ _cRobert Anderson. |
| 264 | 1 |
_aLondon : _bJames Nisbet & Co., Limited, _c1907. |
|
| 300 |
_a182 page ; _c 24 cm. |
||
| 336 |
_2rda contenu _a texte |
||
| 337 |
_2rda medias _aOrdinateur |
||
| 338 |
_2 transporteur rda _a Ressource en ligne |
||
| 546 | _aText in English | ||
| 650 | 1 | _aCriminal law | |
| 650 | 1 | _aCriminology | |
| 856 | 4 | 0 | _uhttps://fll.law.cu.edu.eg/fulltext/bks/B10-11218.pdf |
| 905 | _a59 | ||
| 942 |
_2ddc _n0 _cBK _e21 |
||
| 999 |
_c73294 _d73294 |
||